1440 1099 1822 1258 1044 1248 1600 1094 1605 1695 1528 1712 1936 1769 1267 1928 1226 1907 1534 1623 1777 1923 1753 1216 1127 1595 1519 1330 1623 1150 1743 1598 1105 1017 1670 1217 1510 1824 1157 1620 1951 1940 1522 1925 1369 1035 1152 1081 1138 1897 1738 1255 1253 1510 1119 1695 1345 1540 1905 1012 1539 1386 1682 1949 1566 1629 1959 1552 1964 1621 1193 1152 1950 1407 1155 1127 1468 1385 1982 1970 1179 1852 1482 1348 1467 1528 1284 1199 1371 1087 1026 1221 1728 1643 1941 1256 1211 1257 1513 BCNSPRNW ULIB Ver.6.0+V

เปลี่ยนเป็นภาษาไทย

Change to English
 แสดงรายละเอียดบรรณานุกรม
  กลับหน้าหลัก

Brief Record : Get Marc (ISO 2709) : E-mail record : QR code < ปิดหน้าต่าง
LEADER : 00000nam 2200000uu 4500
001    13399122978
003     ULIB
008    131119s2556||||th 000 0 tha d
060 04 ^aW225.JT3^bส349
245 00 ^aสุขร่วมสร้าง :^bโครงการศึกษาเพื่อพัฒนาชุดสิทธิประโยชน์กับการมีส่วนร่วมจากภาคส่วนในสังคม /^cสำนักงานหลักประกันสุขภาพแห่งชาติ,สำนักงานพัฒนานโยบายสุขภาพระหว่างประเทศ(IHPP), โครงการประเมินเทคโนโลยีและนโยบายด้านสุขภาพ (HITAP).
250    ^aพิมพ์ครั้งที่ 2
260    ^aกรุงเทพฯ :^bสำนักงาน ,^c2556
300    ^a72 หน้า :^bภาพประกอบ ;^c21 ซม.
536    ^aสนับสนุนโดยสำนักงานหลักประกันสุขภาพแห่งชาติ(สปสช.).
650  4 ^aสวัสดิการด้านการรักษาพยาบาล
650  4 ^aโครงการพัฒนาชุดสิทธิประโยชน์กับการมีส่วนร่วมจากภาคส่วนในสังคม
650  4 ^aประกันสุขภาพ
653    ^aหลักประกันสุขภาพแห่งชาติ
710 2  ^aสำนักงานหลักประกันสุขภาพแห่งชาติ
710 2  ^aสำนักงานพัฒนานโยบายสุขภาพระหว่างประเทศ (IHPP)
710 2  ^aโครงการประเมินเทคโนโลยีและนโยบายด้านสุขภาพ (HITAP)
945    ^p0^l0^i034176
945    ^p0^l0^i034177
999    ^aเกษร โพธิ์สุวรรณ
รายการนี้ยังไม่มีแท็ก
คุณยังไม่ได้ล็อกอิน คุณสามารถมีกิจกรรมร่วมกับเว็บไซต์ได้ แต่ต้องล็อกอินก่อน ::
  ล็อกอิน

รายการสื่อสารสนเทศ

ลำดับที่ ประเภท เลขเรียก/บาร์โค้ด สถานที่ สถานะ
1. วิทยาศาสตร์การแพทย์ และสุขภาพ
หนังสือสำรอง
สถานะ=หนังสือสำรอง
W225.JT3 ส349 ฉ.1 
  Barcode: 034176
ห้องสมุดวิทยาเขตสวรรค์ประชารักษ์
►ส่วนจัดเก็บหนังสือเก่า สปร
บนชั้น
  ขอยืม
2. วิทยาศาสตร์การแพทย์ และสุขภาพ
วิทยาศาสตร์การแพทย์ และสุขภาพ
W225.JT3 ส349 ฉ.2 
  Barcode: 034177
ห้องสมุดวิทยาเขตสวรรค์ประชารักษ์
►ส่วนจัดเก็บหนังสือเก่า สปร
บนชั้น
  ขอยืม

รายการใกล้เคียง
    หัวเรื่อง [สวัสดิการด้านการรักษาพยาบาล]
    หัวเรื่อง [ประกันสุขภาพ]

BibComment


ยังไม่เคยถูกคอมเมนท์

คอมเมนท์ทรัพยากรรายการนี้
  คอมเมนท์: สุขร่วมสร้าง โค..


 Copyright 2026. Bcnsprnw @Library